La Medalla de oro de la Cruz Roja al señor de Jaumar y de Bofarull
Colección:
San Jorge,
; núm. 11 (juliol 1953), pàg 85
Idioma:
Español
MARC
| LEADER | 00000naa a2200000 a 4500 | ||
|---|---|---|---|
| 003 | Arxiu | ||
| 005 | 20260324181040.0 | ||
| 008 | 160829s1955 spc xx s spa c | ||
| 040 | |a agdb | ||
| 245 | 0 | 3 | |a La Medalla de oro de la Cruz Roja al señor de Jaumar y de Bofarull |
| 490 | |a San Jorge, |v núm. 11 (juliol 1953), pàg 85 | ||
| 600 | 1 | 0 | |a Jaumar i de Bofarull, Manuel |9 54560 |
| 600 | 1 | 0 | |a Jaumar i de Bofarull, Manuel |x Medalles |9 54784 |
| 773 | |g Núm. 11 (juliol 1953), pàg 85 |t San Jorge | ||
| 901 | |a Arxiu | ||
| 942 | |n 1 |2 udc |c ART | ||
| 952 | |0 0 |1 0 |2 udc |4 0 |6 REV508 |7 1 |9 64419 |a Arxiu |b Arxiu |d 2022-11-28 |o Rev-508 |r 2022-11-28 00:00:00 |w 2022-11-28 |y ARXIU |z També disponible a Rev-522 | ||
| 999 | |c 48903 |d 48903 | ||